Statistics for Eurovision Song Contest: how many times in top5

Click here to take the quiz!

General Stats

  • This quiz has been taken 105 times
    (52 since last reset)
  • The average score is 17 of 40

Answer Stats

Answer% Correct
23Sweden
100%
15United Kingdom
87%
15France
84%
14Ireland
74%
13Italy
61%
12Germany
55%
1Portugal
53%
11Russia
53%
10Norway
50%
13Switzerland
50%
1Albania
47%
6Spain
47%
10Ukraine
47%
10Denmark
45%
6Greece
45%
5Iceland
45%
6Netherlands
45%
7Belgium
42%
2Finland
42%
12Israel
42%
4Serbia
39%
2Australia
37%
2Armenia
34%
4Austria
34%
5Azerbaijan
34%
5Malta
34%
1Poland
34%
4Cyprus
32%
6Turkey
32%
3Latvia
29%
3Romania
29%
4Estonia
26%
2Hungary
26%
4Luxembourg
26%
3Yugoslavia
26%
1Moldova
24%
3Monaco
24%
3Bulgaria
21%
4Croatia
21%
1Bosnia and Herzegovina
13%

Score Distribution

Percentile by Number Answered

Percent of People with Each Score

Your Score History

You have not taken this quiz since the last reset